| 000 | 00416nam a2200157 i 4500 | ||
|---|---|---|---|
| 001 | bg | ||
| 100 | 1 | _aCHEPP, K. | |
| 245 | 0 |
_aAnaliticeskie svojstva amplitud rassejanija v lokalnoj kvantovoj teorii polja / _cK. Chepp, A. Epstejn. |
|
| 260 |
_aMoskva, _c1971. |
||
| 700 | 1 | _aEPSTEJN, A. | |
| 040 | _cBPK | ||
| 041 | _apol | ||
| 080 | _a530.145:59.19 | ||
| 942 | _cKS | ||
| 008 | s pl f |000 0 pol | ||
| 999 |
_c13699 _d13699 |
||
| 856 |
_uhttp://koha.tu.koszalin.pl/cgi-bin/koha/opac-detail.pl?biblionumber=13699 _yKatalog online BPK |
||